| 000 -NÁVESTIE |
| fixed length control field |
01384nam a2200385 a 4500 |
| 008 - ÚDAJE S PEVNOU DĹŽKOU – VŠEOBECNÉ INFORMÁCIE |
| fixed length control field |
951212s1980||||[C 0 slo c |
| 020 ## - MEDZINÁRODNÉ ŠTANDARDNÉ ČÍSLO KNIHY (ISBN) |
| Údaje o dostupnosti |
90 Kčs. |
| Qualifying information |
(16000 výtl.) |
| 040 ## - ZDROJ KATALOGIZÁCIE |
| Pôvodná katalogizujúca agentúra |
SNK |
| Jazyk katalogizácie |
slo |
| Prepisujúca agentúra |
SNK |
| Konvencie popisu |
AACR2 |
| 041 1# - KÓD JAZYKA |
| Kód jazyka textu/zvukovej stopy alebo samostatných nápisov |
slo |
| Kód jazyka originálu a/alebo sprostredkujúcich prekladov textu |
rus |
| 080 ## - ČÍSLO MEDZINÁRODNÉHO DESATINNÉHO TRIEDENIA (MDT) |
| Číslo Medzinárodného desatinného triedenia (MDT) |
947(031)(087.5) |
| 080 ## - ČÍSLO MEDZINÁRODNÉHO DESATINNÉHO TRIEDENIA (MDT) |
| Číslo Medzinárodného desatinného triedenia (MDT) |
030.1 |
| 080 ## - ČÍSLO MEDZINÁRODNÉHO DESATINNÉHO TRIEDENIA (MDT) |
| Číslo Medzinárodného desatinného triedenia (MDT) |
947(087.5) |
| 044 ## - KÓD KRAJINY VYDAVATEĽA/PRODUCENTA |
| Kód krajiny MARC |
xo |
| Kód krajiny ISO |
SK |
| 245 10 - NÁZOV |
| Názov |
Ilustrované dejiny ZSSR ; V.T. Pašuto, B.S. Itenberg, K.N. Tarnovskij, V.E. Poletajev, G.A. Kumanev, A.V. Čubarjan, J.N. Ščapov, O.V. Orlík, A.S. Nifontov, G.A. Kumanev, J.K. Eľdarova, Juraj Klaučo, Marta Hajčíková, Marián Škripek, Ivan Kupec |
| 250 ## - ÚDAJ O PORADÍ VYDANIA |
| Údaj o poradí vydania |
1., vyd. |
| 260 ## - VYDAVATEĽSKÉ ÚDAJE, DISTRIBÚCIA ATĎ. |
| Miesto publikovania, distribúcie atď. |
Bratislava |
| Názov vydavateľa, distibútora atď. |
Mladé letá |
| Dátum publikovania, distribúcie atď. |
1980 |
| Miesto výroby |
Martin |
| Výrobca |
Tlačiarne SNP |
| 300 ## - FYZICKÝ POPIS |
| Rozsah |
564 s., 72,07 AH |
| Ďalšie fyzické detaily |
Čiernobiele a fareb. fot. Sch. Mp. |
| Rozmery |
26 cm |
| 500 ## - VŠEOBECNÁ POZNÁMKA |
| Formátovaná poznámka o obsahu |
Text na front. Pre čitateľov od 13 rokov. |
| 700 1# - PRIDANÝ VSTUP – OSOBNÉ MENO |
| Osobné meno |
Pašuto, V.T. |
| Kód roly |
aut |
| 700 1# - PRIDANÝ VSTUP – OSOBNÉ MENO |
| Osobné meno |
Itenberg, B.S. |
| Kód roly |
aut |
| 700 1# - PRIDANÝ VSTUP – OSOBNÉ MENO |
| Osobné meno |
Tarnovskij, K.N. |
| Kód roly |
aut |
| 700 1# - PRIDANÝ VSTUP – OSOBNÉ MENO |
| Osobné meno |
Poletajev, V.E. |
| Kód roly |
aut |
| 700 1# - PRIDANÝ VSTUP – OSOBNÉ MENO |
| Osobné meno |
Kumanev, G.A. |
| Kód roly |
aut |
| 700 1# - PRIDANÝ VSTUP – OSOBNÉ MENO |
| Osobné meno |
Čubarjan, A.V. |
| Kód roly |
aut |
| 700 1# - PRIDANÝ VSTUP – OSOBNÉ MENO |
| Osobné meno |
Ščapov, J.N. |
| Kód roly |
aut |
| 700 1# - PRIDANÝ VSTUP – OSOBNÉ MENO |
| Osobné meno |
Orlík, O.V. |
| Kód roly |
aut |
| 700 1# - PRIDANÝ VSTUP – OSOBNÉ MENO |
| Osobné meno |
Nifontov, A.S. |
| Kód roly |
aut |
| 700 1# - PRIDANÝ VSTUP – OSOBNÉ MENO |
| Osobné meno |
Kumanev, G.A. |
| Kód roly |
aut |
| 700 1# - PRIDANÝ VSTUP – OSOBNÉ MENO |
| Osobné meno |
Eľdarova, J.K. |
| Kód roly |
aut |
| 700 1# - PRIDANÝ VSTUP – OSOBNÉ MENO |
| Osobné meno |
Klaučo, Juraj |
| Kód roly |
trl |
| 700 1# - PRIDANÝ VSTUP – OSOBNÉ MENO |
| Osobné meno |
Hajčíková, Marta |
| Kód roly |
trl |
| 700 1# - PRIDANÝ VSTUP – OSOBNÉ MENO |
| Osobné meno |
Škripek, Marián |
| Kód roly |
bkd |
| 700 1# - PRIDANÝ VSTUP – OSOBNÉ MENO |
| Osobné meno |
Kupec, Ivan |
| Kód roly |
oth |
| 958 ## - Formálny deskriptor |
| Formálny deskriptor |
A |